| 000 | 00930nam a22003017a 4500 | ||
|---|---|---|---|
| 003 | CHAP | ||
| 005 | 20220329135701.0 | ||
| 008 | 971013s1994 r 00010 d | ||
| 010 | _a40511 | ||
| 011 | _a41483 | ||
| 035 | _a45609 | ||
| 040 | _cCHAP | ||
| 082 |
_a591.1 _bR8Y |
||
| 100 | 0 | 0 |
_aRuckebusch, Yves. _9100517 |
| 245 | _aFisiología de pequeñas y grandes especies | ||
| 260 |
_aMéxico, D.F. : _bEl manual moderno, _c1994 |
||
| 300 | _a862 p. | ||
| 590 |
_aBATCH-UPD _b10 _c20130110 _lUCH01 _h2015 |
||
| 590 |
_aBATCH-UPD _b10 _c20130410 _lUCH01 _h1334 |
||
| 590 |
_aBATCH-UPD _b10 _c20130914 _lUCH01 _h1225 |
||
| 590 |
_aCONVERSION _b10 _c20130109 _lUCH01 _h1322 |
||
| 650 | 1 | 4 |
_aFisiología animal. _941131 |
| 700 | 0 |
_aDunlop, Robert. _934494 |
|
| 700 | 0 |
_aPhaneuf, Louis-Philippe. _987764 |
|
| 901 | _aBK | ||
| 942 | _cLIBRO | ||
| 949 |
_a591.1 R8Y _bBC _cLIBRO _d33724000889770 _eLIBRO _gI.174986 _h88564 _i45609 _si _t185.00 |
||
| 999 |
_c40511 _d40511 |
||